Economic analysis for business and strategic decisions / (رقم التسجيلة. 26234)

تفاصيل مارك
000 -الفاتح
حقل البيانات ثابتة الطول 00775cam a2200253Ia 4500
001 - رقم الضبط
رقم الضبط 156818032
003 - محدد رقم الضبط
رقم الضبط OCoLC
005 - وقت وتاريخ اخر تعامل مع التسجيلة
رقم الضبط 20150408114102.0
008 - عناصر البيانات ثابتة الطول - معلومات عامة
حقل البيانات ثابتة الطول 070623s2008 enka 001 0 eng d
020 ## - الرقم الدولى المعيارى للكتب
الرقم الدولى المعيارى للكتاب 9780852976562
020 ## - الرقم الدولى المعيارى للكتب
الرقم الدولى المعيارى للكتاب 0852976569
040 ## - مصدر الفهرسة
وكالة الفهرسة الأصلية BTCTA
وكالة النسخ BTCTA
وكالة التعديل BAKER
-- YDXCP
-- UAT
-- IXA
050 #4 - رقم طلب مكتبة الكونجرس
رقم التصنيف HD30.22
رقم المادة .S675 2008
050 #4 - رقم طلب مكتبة الكونجرس
رقم التصنيف HD30.22
رقم المادة .S675 2008
082 ## - رقم تصنيف ديوى العشرى
رقم الطبعة 22
رقم التصنيف 658.15
100 1# - المدخل الرئيسى - إسم شخصى
الإسم الشخصى Shim, Jae K.
9 (RLIN) 17860
245 10 - بيان العنوان
العنوان Economic analysis for business and strategic decisions /
بيان المسئوليه,etc Jae K. Shim.
260 ## - PUBLICATION, DISTRIBUTION, ETC. (IMPRINT)
مكان الناشر او الموزع London :
اسم الناشر او الموزع Global Professional Publishing,
تاريخ النشر أو التوزيع c2008.
300 ## - الوصف المادى
التعداد vii, 196 p. :
تفاصيل ماديه اخرى للوعاء ill. ;
أبعاد الوعاء 24 cm.
504 ## - تبصرة ببليوجرافية
تبصرة ببليوجرافية,الخ Includes index.
650 #0 - المدخل الاضافى بالموضوع-مصطلح موضوعى
مصطلح موضوعي أو اسم جغرافي كعنصر مدخل Managerial economics.
9 (RLIN) 17821
650 #0 - المدخل الاضافى بالموضوع-مصطلح موضوعى
مصطلح موضوعي أو اسم جغرافي كعنصر مدخل Business
التقسيم الفرعي العام Decision making.
9 (RLIN) 17861
942 ## - عناصر المدخل الإضافي( كوها)
مصدر التصنيف او مخطط الترفيف Dewey Decimal Classification
Koha [default] item type كتاب
المقتنيات
حالة الفقد نموذج السعر الفعال حالة تلف ليس للاعارة رقم الطلب تاريخ الاكتساب الموقع الحالي الباركود الفرع الرئيسي Date last seen نوع المادة فى نظام كوها مصدر التصنيف او خطة الترفيف Total Checkouts
  2013-03-10     658.15 S J E 2012-11-30 المكتبة المركزية بالمجمعة (CL) 07000000010225 المكتبة المركزية بالمجمعة (CL) 2013-03-10 كتاب Dewey Decimal Classification  
  2013-03-10     658.15 S J E 2012-11-30 المكتبة المركزية بالمجمعة (CL) 07000000010224 المكتبة المركزية بالمجمعة (CL) 2013-03-10 كتاب Dewey Decimal Classification